15 najbardziej dotkniętych krajów Covid-19 - 20 października 2021 - Statystyki

Ogólne statystyki
  • Ten quiz został rozwiązany 39 razy
  • Średni wynik to 10 z 27
Statystyki odpowiedzi
kraj % Poprawnych
Stany Zjednoczone
94%
Rosja
78%
Włochy
69%
Indie
67%
Niemcy
67%
Francja
61%
Hiszpania
61%
Wielka Brytania
56%
Brazylia
53%
Meksyk
50%
Argentyna
39%
Szwecja
39%
Indonezja
36%
Czechy
31%
Turcja
28%
Belgia
25%
Kolumbia
25%
Holandia
19%
Iran
19%
Izrael
14%
Słowenia
14%
Litwa
11%
Serbia
11%
Estonia
8%
Urugwaj
8%
Bahrajn
3%
Gruzja
3%
Nie znaleziono quizów pasujących do podanych kryteriów
Rozkład punktacji
Procent ludzi z każdym wynikiem
Percentyl według liczby udzielonych odpowiedzi
Twoja historia wyników
Nie rozwiązałeś tego quizu